Theophrastus of Eresus. Commentary, volume 9.2, Sources on discoveries and beginnings, Proverbs and others (texts 727-741) /
This volume concerns Theophrastus, Aristotle's pupil and successor as head of the Peripatetic School. The focus is twofold. First, it deals with discoveries and inventions, both useful and pleasurable, and more generally changes that transformed the way people live. Theophrastus wrote a work en...
المؤلف الرئيسي:
مؤلفون آخرون:
التنسيق: كتاب الكتروني
اللغة: English
منشور في:
Boston :
Brill,
2014.
سلاسل:
Philosophia Antiqua
136.
Philosophia Antiqua Online, ISBN: 9789004319752.
الموضوعات:
الوصول للمادة أونلاين: Login to view Source
الوسوم: إضافة وسم
رقم الطلب: PA4450 .F67 2014
| LEADER | 03098nam a2200481 i 4500 | ||
|---|---|---|---|
| 001 | BRILL9789004268760 | ||
| 003 | nllekb | ||
| 005 | 20230529211951.0 | ||
| 006 | m d | ||
| 007 | cr un uuuua | ||
| 008 | 140303s2014 mau b 001 0deng | ||
| 010 | |a 2013048956 | ||
| 020 | |a 9789004268760 |q (electronic book) | ||
| 020 | |z 9789004268821 |q (print) | ||
| 024 | 7 | |a 10.1163/9789004268760 |2 DOI | |
| 040 | |a NL-LeKB |c NL-LeKB |e rda | ||
| 042 | |a pcc | ||
| 050 | 4 | |a PA4450 |b .F67 2014 | |
| 072 | 7 | |a PHI002000 |2 bisacsh | |
| 082 | 0 | 4 | |a 185 |2 23 |
| 100 | 1 | |a Fortenbaugh, William W. | |
| 245 | 1 | 0 | |a Theophrastus of Eresus. |n Commentary, volume 9.2, |p Sources on discoveries and beginnings, Proverbs and others (texts 727-741) / |c by William W. Fortenbaugh ; with contributions on the Arabic material by Dimitri Gutas. |
| 264 | 1 | |a Boston : |b Brill, |c 2014. | |
| 300 | |a 1 online resource. | ||
| 336 | |a text |b txt |2 rdacontent | ||
| 337 | |a computer |b c |2 rdamedia | ||
| 338 | |a online resource |2 rdacarrier | ||
| 490 | 0 | |a Philosophia Antiqua, |x 0079-1687 ; |v v. 136 | |
| 504 | |a Includes bibliographical references and indexes. | ||
| 505 | 0 | 0 | |t Front Matter / |r William W. Fortenbaugh -- |t Introduction / |r William W. Fortenbaugh -- |t The Sources / |r William W. Fortenbaugh -- |t Titles of Books / |r William W. Fortenbaugh -- |t The Texts / |r William W. Fortenbaugh -- |t Summary / |r William W. Fortenbaugh -- |t Bibliography / |r William W. Fortenbaugh -- |t Indices to the Titles and Texts / |r William W. Fortenbaugh -- |t Corrigenda and Addenda in the Text Translation Volumes / |r William W. Fortenbaugh. |
| 520 | |a This volume concerns Theophrastus, Aristotle's pupil and successor as head of the Peripatetic School. The focus is twofold. First, it deals with discoveries and inventions, both useful and pleasurable, and more generally changes that transformed the way people live. Theophrastus wrote a work entitled On Discoveries , which may be regarded as cultural history. Second, the volume focuses on proverbs: familiar sayings containing useful truths that have been observed by earlier generations and passed on in a form that is concise and attractive. Theophrastus wrote a work entitled On Proverbs and made use of proverbs in his writings on ethics, rhetoric and humor. He recognized their importance in educating the young and maintaining the traditions of an earlier age. | ||
| 559 | 4 | |a PA4450 .F67 2014 | |
| 600 | 0 | 0 | |a Theophrastus. |
| 650 | 0 | |a Peripatetics. | |
| 650 | 0 | |a Proverbs in literature. | |
| 700 | 1 | |a Gutas, Dimitri. | |
| 776 | 0 | 8 | |i Print version: |t Theophrastus of Eresus, Commentary Volume 9.2: Sources on Discoveries and Beginnings, Proverbs et al. (Texts 727-741) |d Leiden, Boston : BRILL, 2014, |z 9789004268821 |
| 830 | 0 | |a Philosophia Antiqua |v 136. | |
| 830 | 0 | |a Philosophia Antiqua Online, ISBN: 9789004319752. | |
| 856 | 4 | |z DOI: |u http://dx.doi.org/10.1163/9789004268760 | |
| 942 | |2 lcc |c EBOOK | ||
| 952 | |0 0 |1 0 |2 lcc |4 0 |6 PA4450 F67 02014 |7 1 |9 48602 |a BRILL |b BRILL |d 2023-05-29 |l 0 |o PA4450 .F67 2014 |r 2023-05-29 00:00:00 |w 2023-05-29 |y EBOOK | ||
| 999 | |c 53946 |d 53946 | ||
